| 000 | 00630nam a2200241Ia 4500 | ||
|---|---|---|---|
| 003 | OSt | ||
| 005 | 20221007102044.0 | ||
| 006 | a|||||r|||| 00| 0 | ||
| 007 | ta | ||
| 008 | 221006b |||||||| |||| 00| 0 eng d | ||
| 024 | _a9,292 | ||
| 037 | _cTextual | ||
| 040 |
_aLCO _cLCO _beng |
||
| 041 |
_2eng _aeng |
||
| 082 | _aX8(A):(Z), P3 | ||
| 100 | _aBhatia S.K. | ||
| 245 | 0 | _aConstructive Industrial Relations and Labour Laws | |
| 260 |
_aNew _bDelhi Deep & Deep Pub. India _c2003 |
||
| 300 | _a321 | ||
| 650 | _aLABOUR LAWS | ||
| 942 |
_hX8(A):(Z), P3 _cTEXL |
||
| 999 |
_c1178855 _d1178855 |
||